000 00278nam a2200109Ia 4500
008 220204s9999 xx 000 0 und d
082 _a054
_bSCO
245 0 _aSurvey of progress in chemistry. V 1
260 _aNew York
_bAcademic
_c1963
700 _aScott, Arthur F
942 _cBK
999 _c20571
_d20571